| 000 | 00516nam a2200229Ia 4500 | ||
|---|---|---|---|
| 003 | OSt | ||
| 005 | 20220912144341.0 | ||
| 006 | a|||||r|||| 00| 0 | ||
| 007 | ta | ||
| 008 | 220909b |||||||| |||| 00| 0 eng d | ||
| 020 | _aSL0E7587 | ||
| 024 | _a193442 | ||
| 037 | _cTextual | ||
| 040 |
_aCSL _beng _cCSL |
||
| 041 | _aeng | ||
| 082 | _aB27, K2;1 | ||
| 100 | _aHamermesh | ||
| 245 | 0 | _aGroup theory | |
| 700 | _aHamermesh | ||
| 942 |
_hB27, K2;1 _cTEXL _2CC |
||
| 999 |
_c5774 _d5774 |
||